Cicha noc, święta noc - Statystyki

Ogólne statystyki
  • Ten quiz został rozwiązany 7 534 razy
  • Średni wynik to 14 z 24
Statystyki odpowiedzi
Tekst % Poprawnych
Cicha noc, {święta} noc
100%
Cicha noc, {święta} noc,
100%
Cicha noc, {święta} noc,
100%
Cicha noc, {święta} noc,
100%
{Niesie} dziś całemu światu
84%
Pokój {niesie} ludziom wszem,
84%
Nad dzieciątka {snem}
82%
Nad dzieciątka {snem}
82%
Czuwa sama {uśmiechnięta}
80%
A u {żłóbka} Matka Święta
77%
Gdzie się spełnił {cud}
77%
Gdzie się spełnił {cud}
77%
Za anielskim {głosem} pieni
58%
{Pastuszkowie} od swych trzód
54%
Biegną {wielce} zadziwieni
51%
Pan Wielkiego {majestatu}
48%
Narodzony {Boży} {Syn}
38%
{Odkupienie} {win}
36%
{Odkupienie} {win}
36%
{Błogosławi} nam,
18%
{Błogosławi} nam.
18%
Wznosi w górę swe {rączęta}
17%
W Betlejem {dziecina} święta
15%
Jakiż w {tobie} dzisiaj czas
11%
Nie znaleziono quizów pasujących do podanych kryteriów
Rozkład punktacji
Procent ludzi z każdym wynikiem
Percentyl według liczby udzielonych odpowiedzi
Twoja historia wyników
Nie rozwiązałeś tego quizu